Introduction to research in the health sciences / Stephen Polgar, Shane A. Thomas. (Record no. 20314)

000 -LEADER
fixed length control field 00628nam a22001937a 4500
020 ## - INTERNATIONAL STANDARD BOOK NUMBER
ISBN 9789814920438
082 ## - DEWEY DECIMAL CLASSIFICATION NUMBER
Classification number 610.72
Item number P765 2023
100 ## - MAIN ENTRY--AUTHOR NAME
Personal name Polgar, Stephen, author.
245 ## - TITLE STATEMENT
Title Introduction to research in the health sciences / Stephen Polgar, Shane A. Thomas.
250 ## - EDITION STATEMENT
Edition statement Seventh edition.
260 ## - PUBLICATION, DISTRIBUTION, ETC. (IMPRINT)
Place of publication Singapore :
Name of publisher Elsevier,
Year of publication 2023.
300 ## - PHYSICAL DESCRIPTION
Number of Pages vi, 213 pages :
Other physical details illustrations ; 24 cm.
500 ## - GENERAL NOTE
General note Includes bibliographical references and index.
650 ## - SUBJECT ADDED ENTRY--TOPICAL TERM
Topical Term Biomedical Research -- Methods.
650 ## - SUBJECT ADDED ENTRY--TOPICAL TERM
Topical Term Research Design.
650 ## - SUBJECT ADDED ENTRY--TOPICAL TERM
Topical Term Medicine -- Research.
700 ## - ADDED ENTRY--PERSONAL NAME
Personal name Thomas, Shane A.
942 ## - ADDED ENTRY ELEMENTS (KOHA)
Koha item type Books
Holdings
Source of acquisition Permanent Location Date acquired Koha item type Collection code Accession Number Lost status Shelving location Withdrawn status Current Location Full call number
SchoolCagayan State University - Carig Library2025-04-02BooksNursingN000166 Nursing Library Cagayan State University - Carig Library610.72 P765 2023
SchoolCagayan State University - Carig Library2025-04-02BooksNursingN000167 Nursing Library Cagayan State University - Carig Library610.72 P765 2023
SchoolCagayan State University - Carig Library2025-04-02BooksNursingN000168 Nursing Library Cagayan State University - Carig Library610.72 P765 2023
SchoolCagayan State University - Carig Library2025-04-02BooksNursingN000169 Nursing Library Cagayan State University - Carig Library610.72 P765 2023
SchoolCagayan State University - Carig Library2025-04-02BooksNursingN000170 Nursing Library Cagayan State University - Carig Library610.72 P765 2023

Cagayan State University University Library, Carig Campus
Tuguegarao City, Cagayan 3500 | www.csucarig.edu.ph

Powered by Koha